<?xml version="1.0" encoding="UTF-8"?><?xml-stylesheet type="text/xsl" href="static/style.xsl"?><OAI-PMH xmlns="http://www.openarchives.org/OAI/2.0/" xmlns:xsi="http://www.w3.org/2001/XMLSchema-instance" xsi:schemaLocation="http://www.openarchives.org/OAI/2.0/ http://www.openarchives.org/OAI/2.0/OAI-PMH.xsd"><responseDate>2026-04-13T02:11:41Z</responseDate><request verb="GetRecord" identifier="oai:www.recercat.cat:2099/3469" metadataPrefix="marc">https://recercat.cat/oai/request</request><GetRecord><record><header><identifier>oai:recercat.cat:2099/3469</identifier><datestamp>2025-10-29T08:58:46Z</datestamp><setSpec>com_2072_1033</setSpec><setSpec>col_2072_452949</setSpec></header><metadata><record xmlns="http://www.loc.gov/MARC21/slim" xmlns:dcterms="http://purl.org/dc/terms/" xmlns:xsi="http://www.w3.org/2001/XMLSchema-instance" xmlns:doc="http://www.lyncode.com/xoai" xsi:schemaLocation="http://www.loc.gov/MARC21/slim http://www.loc.gov/standards/marcxml/schema/MARC21slim.xsd">
   <leader>00925njm 22002777a 4500</leader>
   <datafield ind2=" " ind1=" " tag="042">
      <subfield code="a">dc</subfield>
   </datafield>
   <datafield ind2=" " ind1=" " tag="720">
      <subfield code="a">González-Siso Sampedro, Maria Rosa</subfield>
      <subfield code="e">author</subfield>
   </datafield>
   <datafield ind2=" " ind1=" " tag="720">
      <subfield code="a">Aguado Chao, Juan Carlos</subfield>
      <subfield code="e">author</subfield>
   </datafield>
   <datafield ind2=" " ind1=" " tag="720">
      <subfield code="a">Busquets Rubio, Pere</subfield>
      <subfield code="e">author</subfield>
   </datafield>
   <datafield ind2=" " ind1=" " tag="260">
      <subfield code="c">2007-07-12</subfield>
   </datafield>
   <datafield ind2=" " ind1=" " tag="520">
      <subfield code="a">La present ponència s’emmarca dins de les iniciatives “motor de canvi” que està portant&#xd;
a terme la Universitat Politècnica de Catalunya (UPC), dins del seu compromís amb la&#xd;
Sostenibilitat. Aquest projecte s’inclou dins del Pla UPC Sostenible 2015, i s’està&#xd;
realitzant actualment en el Campus del Baix Llobregat i en el Campus de Manresa, com&#xd;
a prova pilot.&#xd;
S’està desenvolupant un model de Sistema de Gestió Ambiental (SGA), en aquest cas&#xd;
basat en EMAS, adaptat a les organitzacions del coneixement (OdC). La innovació del&#xd;
projecte es basa en la inclusió de la part de recerca i docència d’una universitat dins un&#xd;
SGA-EMAS. El projecte vol demostrar-ne l’adaptabilitat i sobretot la replicabilitat a la&#xd;
resta d’OdC. L’objectiu és dissenyar un model teòric i assajar-lo en els campus amb&#xd;
diferents participants, per a mostrar l’abast de la seva efectivitat.</subfield>
   </datafield>
   <datafield ind2=" " ind1=" " tag="520">
      <subfield code="a">Peer Reviewed</subfield>
   </datafield>
   <datafield tag="653" ind2=" " ind1=" ">
      <subfield code="a">Àrees temàtiques de la UPC::Desenvolupament humà i sostenible::Política i gestió ambiental::Sistemes de gestió ambiental</subfield>
   </datafield>
   <datafield tag="653" ind2=" " ind1=" ">
      <subfield code="a">Universitats -- Aspectes ambientals</subfield>
   </datafield>
   <datafield tag="653" ind2=" " ind1=" ">
      <subfield code="a">Sistemes de gestió mediambiental</subfield>
   </datafield>
   <datafield ind2="0" ind1="0" tag="245">
      <subfield code="a">Implantació d'un EMAS a la UPC</subfield>
   </datafield>
</record></metadata></record></GetRecord></OAI-PMH>